| 000 | 00587nam a2200241 a 4500 | ||
|---|---|---|---|
| 001 | nice12345678 | ||
| 003 | IN_TiNIC | ||
| 005 | 20260116012703.0 | ||
| 008 | 050524s1975 cana grp 000 0 eng | ||
| 020 |
_a _c100 |
||
| 082 | 0 | 0 |
_a236.2 _bHAR |
| 100 | _aHarlow, R E | ||
| 245 | _aWho Is Who in Heaven and How to Meet Them | ||
| 260 |
_aCanada _bEvery Day Publications _c1975 |
||
| 300 | _a155p | ||
| 500 | _aincludes index and biblioraphy | ||
| 505 | 2 | _aIndex | |
| 650 | _aEschatology-Heaven | ||
| 700 | 1 | _aHarlow, R E | |
| 902 | _bSRS | ||
| 942 | _cBK | ||
| 999 |
_c7950 _d7950 |
||